000 00938nam a2200253 a 4500
001 BRCA_1708
005 20190320203521.0
008 950807s1989 mx-a---##b---#000-0dspa-d
020 _a9681633121
040 _aTxFACM
_cTxFACM
_dDLC
050 4 _aTR28
_b.C37 1989
100 1 _aCasanova, Rosa
_95336
245 1 0 _aSobre la superficie bruñida de un espejo
_bfotógrafos del siglo XIX
_ctexto Rosa Casanova, Olivier Debroise ; edición Pablo Ortiz Monasterio.
260 _aMéxico
_bFCE
_c1989
300 _a111 p.
_bil. (algunas a color)
_c28 cm.
440 0 _aColección Río de luz
_95337
504 _aIncluye referencias bibliográficas
650 1 4 _aFotografía
_xHistoria
_ySiglo XIX
_zMéxico
_95338
650 1 4 _aFotografía del retrato
_xHistoria
_ySiglo XIX
_zMéxico
_95339
650 1 4 _aFotógrafos
_vBiografía
_zMéxico
_95340
700 1 _aDebroise, Olivier
_95090
700 1 _aOrtiz Monasterio, Pablo
_95341
942 _2lcc
_cB
999 _c1498
_d1498